000 00883nam a2200265 i 4500
003 DO-SdBNP
005 20230920144715.0
007 ta
008 230920b2023 dr ||||| |||| 00| 0 spa d
020 _a9789945185157
040 _aDO-SdBNP
_bspa
_cBNPHU
_erda
082 4 _222
100 _aMejía Español, Arturo,
_eautor
_984233
245 1 0 _aUn padre-un guía :
_bcomo el amor y el deporte /
_cArturo Mejía Español ; corrección Rolando Leclerc
264 _aSanto Domingo :
_beditor no identificado,
_c2023.
300 _a337 p.áginas ;
_c22 cm.
336 _2rdacontent
_atexto
_btxt
337 _2rdamedia
_asin mediación
_bn
338 _2rdacarrier
_avolumen
_bnc
500 _aIncluye datos biográficos del autor en la contracubierta
590 _aInventariado, 2023/BT
700 1 _aLeclerc, Rolando,
_ecorrección
_983266
910 _aBtavárez
942 _2ddc
_cLBS1
999 _c54865
_d54865